The essential dictionary of real estate terminology

Bibliographic Details
Main Authors: Hemphill, Thomas (Author), Hemphill, Charles F. (Author)
Format: Book
Language:English
Published: Englewood Cliffs, N.J. : Prentice Hall 1982
Subjects:

MARC

LEADER 00000cam a2200000 7i4500
001 0000001713
005 20240912.0
008 240531 nju eng
020 |a 013284513x (hardback) 
040 |a INS   |b eng   |e rda 
090 0 0 |a RHD1365   |b .H45 1982 
100 1 |a Hemphill, Thomas ,   |e author 
245 1 4 |a The essential dictionary of real estate terminology   |c Thomas Hemphill, Charles F. Hemphill 
264 1 |a Englewood Cliffs, N.J. :   |b Prentice Hall   |c 1982 
300 |a vii, 193 pages ;   |c 21 cm. 
336 |a text  |2 rdacontent 
337 |a unmediated  |2 rdamedia 
338 |a volume  |2 rdacarrier 
650 0 |a Real estate business   |x Dictionaries 
650 0 |a Real property   |x Dictionaries 
700 1 |a Hemphill, Charles F. ,   |e author 
999 |a 0000000417   |b BOOK   |c Red Spot   |e Default branch